Statystyki dla Miasta II RP powyżej 20 000 mieszkańców

Kliknij tutaj aby rozwiązać quiz!

Ogólne statystyki

  • Ten quiz został rozwiązany 114 razy
  • Średni wynik to 40 z 71

Statystyki odpowiedzi

HintWojewództwoOdpowiedź% Poprawnych
1 178 900WarszawskieWarszawa
99%
246 700PoznańskiePoznań
93%
78 100KieleckieRadom
92%
221 300KrakowskieKraków
91%
605 500ŁódzkieŁódź
91%
127 000ŚląskieKatowice
90%
316 000LwowskieLwów
89%
196 383WileńskieWilno
88%
32 800WarszawskiePłock
87%
58 400KieleckieKielce
86%
30 200PomorskieGdynia
85%
91 300BiałostockieBiałystok
84%
112 500LubelskieLublin
84%
54 900PomorskieToruń
83%
117 500PoznańskieBydgoszcz
82%
109 500KieleckieSosnowiec
82%
55 100ŁódzkieKalisz
78%
60 000StanisławowskieStanisławów
77%
27 500LwowskieRzeszów
74%
117 600KieleckieCzęstochowa
73%
37 000LubelskieSiedlce
73%
49 900BiałostockieGrodno
72%
51 300ŁódzkiePiotrków
71%
30 300KrakowskieNowy Sącz
70%
51 400LwowskiePrzemyśl
70%
22 000BiałostockieSuwałki
70%
35 800TarnopolskieTarnopol
69%
24 300LubelskieZamość
69%
29 300LubelskieChełm
68%
29 900PoznańskieGniezno
68%
22 500ŚląskieBielsko
67%
22 900KrakowskieBiała
66%
56 200WarszawskieWłocławek
62%
25 100BiałostockieŁomża
61%
20 200WarszawskieSkierniewice
61%
20 000PoznańskieLeszno
60%
50 400PomorskieGrudziądz
59%
35 700WołyńskieŁuck
57%
23 700WarszawskiePruszków
55%
30 900PoznańskieInowrocław
54%
37 000KieleckieDąbrowa Górnicza
52%
45 600ŁódzkiePabjanice
51%
26 600ŁódzkieZgierz
51%
26 000KieleckieOstrowiec
49%
24 000WarszawskieKutno
47%
23 000ŚląskieRybnik
46%
22 800PomorskieTczew
43%
23 000ŁódzkieRadomsko
40%
40 800WołyńskieRówne
40%
38 100ŁódzkieTomaszów Mazowiecki
38%
22 900ŚląskieMysłowice
36%
32 000PoleskiePińsk
35%
45 200KrakowskieTarnowskie
35%
22 300LwowskieJarosław
34%
47 800ŚląskieBędzin
33%
22 400ŁódzkieZduńska Wola
32%
48 400PoleskieBrześć nad Bugiem
31%
32 700KieleckieZawiercie
30%
27 600WołyńskieKowel
29%
25 100WarszawskieŻyrardów
29%
22 900NowogródzkieBaranowicze
26%
32 600LwowskieDrogobycz
24%
80 734ŚląskieKrólewska Huta
21%
33 300StanisławowskieKołomyja
20%
30 700StanisławowskieStryj
19%
20 000NowogródzkieLida
17%
24 600WołyńskieWłodzimierz
15%
21 000KieleckieCzeladź
14%
22 100LwowskieSambor
14%
41 700LwowskieBorysław
10%
20 000WołyńskieKrzemieniec
10%

Rozkład punktacji

Percentyl według liczby udzielonych odpowiedzi

Procent ludzi z każdym wynikiem

Twoja historia wyników

Nie rozwiązałeś tego quizu